000 00205nam a2200097Ia 4500
008 240331s9999 xx 000 0 und d
082 _bBAL
100 _aBaleswari,N
245 0 _aUllaththin ullae
942 _cL
999 _c4609
_d4609